000 02276nam a22002297a 4500
008 140116t ge||||| |||| 00| 0 eng d
020 _a9783110189681
020 _a3110189682
050 0 s _aP51
_bC87 2006
245 0 0 _aCurrent trends in the development and teaching of the four language skills /
_cedited by Esther Usó Juan, Alicia Martínez Flor
250 _a1a ed.
260 _aBerlin ; New York ;
_bMouton de Gruyter
_c2006
300 _axv, 499 p. :
_bil. ;
_c24 cm.
440 0 _aStudies on language acquisition ;
_v29
504 _aIncluye referencias bibliograficas e índice
505 _aContenido :
_gt.- Approaches to language learning and teaching: Towards acquiring communicative competence through the four skills -- Towards acquiring communicative competence through listening -- Areas of research that influence L2 listening instruction -- Learning how to listen using learning strategies -- Academic listening: Marrying top and bottom -- Teaching listening: Time for a change in methodology -- Towards acquiring communicative competence through speaking -- Areas of research that influence L2 speaking instruction -- Questions as strategies to encourage speaking in content-and-language-integrated classrooms -- Turn-taking awareness: Benefits for teaching speaking skills in academic and other contexts -- Teaching speaking: A text-based syllabus approach -- Towards acquiring communicative competence through reading -- Areas of research that influence L2 reading instruction -- Developing strategic L2 readers... by reading for authentic purposes -- Finding a path to fluent academic and workplace reading -- Teaching reading: Individual and social perspectives -- Towards acquiring communicative competence through writing -- Areas of research that influence L2 writing instruction -- Techniques for shaping writing course curricula: Strategies in designing assignments -- Writtten in, written out: Who sets the standards for academic writing? -- Teaching writing: Orienting activities to students' goals
650 4 _aLenguage y lenguas
_xEstudio y enseñanza
650 4 _aTransferencia del lenguaje (Aprendizaje del lenguaje)
700 1 _aUso, Juan, Esther,
_qed.
700 1 _aMartinez-Flor, Alicia,
_qed.
942 _2lcc
_cLIB
999 _c47509
_d47509